| 000 | 00858namaa2200217 i 4500 | ||
|---|---|---|---|
| 001 | 177672 | ||
| 003 | ES-MaACL | ||
| 005 | 20250801092242.0 | ||
| 008 | 110411s1872 fr | |||| ||fre d | ||
| 080 | _a821.412. | ||
| 100 | 1 |
_aMaspero, Gaston ( _d1846-1916) _978770 |
|
| 245 | 1 | 3 |
_aDu genre épistolaire chez les Égyptiens de l'époque pharaonique / _cpar G. Maspero. |
| 260 |
_aParis : _bA. Franck, _c1872. |
||
| 300 |
_aX, 114 p. ; _c25 cm. |
||
| 490 | 1 |
_aBibliothéque de l'école des hautes études. Sciences philologiques et historiques ; _vfasc. 12 |
|
| 546 |
_aTexto en francés y egipcio ; _bJeroglífico. |
||
| 650 | 7 |
_aLiteratura egipcia _2embne _9136421 |
|
| 830 | 0 | 0 |
_aBibliothèque de l'École des Hautes Études. Sciences historiques et philologiques _vfasc. 12 _9229685 |
| 852 |
_aES-MaACL _jC-7556 |
||
| 999 |
_c177672 _d177672 |
||